| 000 | 01167nab a22002297a 4500 | ||
|---|---|---|---|
| 999 |
_c5983 _d5983 |
||
| 003 | OSt | ||
| 005 | 20260115175450.0 | ||
| 008 | 190605e xxu||||| |||| 00| 0 spa d | ||
| 040 | _cPJ | ||
| 100 |
_96168 _aSalgado, José Manuel |
||
| 245 | 1 | 3 |
_aLa inapelabilidad de las sentencias laborales por razón del monto / _cJosé Manuel Salgado. |
| 260 |
_aCiudad Autónoma de Buenos Aires : _bThomson Reuters La Ley, _c2022. |
||
| 300 | _ap. 47-53 | ||
| 500 | _aCita: TR LALEY AR/DOC/3149/2022. | ||
| 505 | _aSumario: I. Exordio.— II. Valor que se intenta cuestionar en la Alzada.— III. Los intereses.— IV. Evolución del valor del bono vs. evolución del capital.— V. Momento en el que debe hacerse el juicio comparativo.— VI. Reclamos de monto indeterminado.— VII. Corolario. | ||
| 505 | _t¿Te interesa el texto completo? Solicitalo al correo: koha@justierradelfuego.gov.ar | ||
| 650 | 0 |
_91316 _aDERECHO LABORAL |
|
| 650 | 0 |
_92095 _aSENTENCIA |
|
| 650 | 0 |
_91382 _aINDEMNIZACION |
|
| 773 | 0 |
_02711 _93168 _dCiudad Autónoma de Buenos Aires : Thomson Reuters La Ley, 1999-2002. _tRevista de derecho del trabajo. Nº 6 - Noviembre 2022 |
|
| 942 |
_2udc _cANA |
||